| 000 | 00872nam a22002537a 4500 | ||
|---|---|---|---|
| 003 | CHAP | ||
| 005 | 20220329143735.0 | ||
| 008 | 110518s2003 mx r 00010 spa d | ||
| 010 | _a101225 | ||
| 011 | _a102197 | ||
| 035 | _a112885 | ||
| 040 | _cCHAP | ||
| 082 | 0 | 4 |
_a382 _bM98 |
| 110 | 2 |
_aMéxico. Secretaría de Hacienda y Crédito Público _977183 |
|
| 245 | 1 | 0 |
_aReglas de carácter general en materia de comercio exterior para 2003 _c/por Secretaría de Hacienda y Crédito Público |
| 260 |
_a[México, D.F.] : _bSecretaría de Hacienda y Crédito Público, _c2003 |
||
| 300 | _a[250 p.] | ||
| 590 |
_aBATCH-UPD _b10 _c20130110 _lUCH01 _h1717 |
||
| 590 |
_aCONVERSION _b10 _c20130109 _lUCH01 _h1356 |
||
| 650 | 1 | 4 |
_aComercio exterior. _925628 |
| 901 | _aBK | ||
| 942 | _cLIBRO | ||
| 949 |
_a382 M98 _bBC _cLIBRO _d33724002255280 _eLIBRO _gDonaciØn _h114938 _i112885 _sb |
||
| 999 |
_c101225 _d101225 |
||